| 000 | 01345nam a2200349 a 4500 | ||
|---|---|---|---|
| 001 | ebr10225442 | ||
| 003 | CaPaEBR | ||
| 006 | m u | ||
| 007 | cr cn||||||||| | ||
| 008 | 070823s2008 njua sb 001 0 eng | ||
| 010 | _z 2007034462 | ||
| 015 |
_aGBA804237 _2bnb |
||
| 016 | 7 |
_z014487459 _2Uk |
|
| 020 | _z9780470138960 (cloth) | ||
| 020 | _z0470138963 (cloth) | ||
| 040 |
_aCaPaEBR _cCaPaEBR |
||
| 035 | _a(OCoLC)212409899 | ||
| 050 | 1 | 4 |
_aHG4028.V3 _bJ665 2008eb |
| 082 | 0 | 4 |
_a658.15/2 _222 |
| 100 | 1 |
_aJones, V. Rory, _d1962- |
|
| 245 | 1 | 4 |
_aThe executive guide to boosting cash flow and shareholder value _h[electronic resource] : _bthe profit pool approach / _cV. Rory Jones. |
| 260 |
_aHoboken, N.J. : _bWiley, _cc2008. |
||
| 300 |
_axv, 256 p. : _bill. |
||
| 504 | _aIncludes bibliographical references (p. 249) and index. | ||
| 533 |
_aElectronic reproduction. _bPalo Alto, Calif. : _cebrary, _d2013. _nAvailable via World Wide Web. _nAccess may be limited to ebrary affiliated libraries. |
||
| 650 | 0 |
_aBusiness enterprises _xValuation. |
|
| 650 | 0 |
_aCorporations _xValuation. |
|
| 650 | 0 | _aCash management. | |
| 655 | 7 |
_aElectronic books. _2local |
|
| 710 | 2 | _aebrary, Inc. | |
| 856 | 4 | 0 |
_uhttp://site.ebrary.com/lib/rucke/Doc?id=10225442 _zAn electronic book accessible through the World Wide Web; click to view |
| 999 |
_c40774 _d40774 |
||